[Event "SLO-chT2E"]
[Site "Velenje"]
[Date "2004.11.01"]
[Round "4"]
[White "Kovacic, Sebastjan"]
[Black "Perus, Danilo"]
[Result "0-1"]
[WhiteElo "1898"]
[BlackElo "2285"]
[PlyCount "30"]
[EventDate "2004.11.01"]
[EventType "team"]
[EventRounds "9"]
[EventCountry "SLO"]
[SourceTitle "EXT 2008"]
[Source "ChessBase"]
[SourceDate "2007.11.25"]
[SourceVersion "1"]
[SourceVersionDate "2007.11.25"]
[SourceQuality "1"]

1. d4 Nf6 2. c4 g6 3. Nc3 d5 4. g3 dxc4 5. Bg2 c6 6. e4 Bg7 7. Qa4 b5 8. Nxb5 cxb5 9. Qxb5+ Bd7 10. Qxc4 0-0 11. d5 Ng4 12. Ne2 Qa5+ 13. Bd2 Qb6 14. 0-0 Bb5 15. Qc2 Bxe2 0-1